header

Geac System21 commerce.connect (Record no. 107128)

MARC details
000 -LEADER
fixed length control field 01552nam a22003854a 4500
245 00 - TITLE STATEMENT
Title Geac System21 commerce.connect
250 ## - EDITION STATEMENT
Edition statement 1st ed.
260 ## - PUBLICATION, DISTRIBUTION, ETC. (IMPRINT)
Place of publication [United States] :
Name of publisher IBM, International Technical Support Organization,
Year of publication 2002.
300 ## - PHYSICAL DESCRIPTION
Number of Pages x, 168 p. :
Other physical details ill.
490 1# - SERIES STATEMENT
Series statement IBM redbooks
500 ## - GENERAL NOTE
General note "December 2002."
General note "SG24-6526-00."
650 #0 - SUBJECT ADDED ENTRY--TOPICAL TERM
Topical Term Business enterprises
Topical Term Electronic commerce.
Topical Term Call centers
700 1# - ADDED ENTRY--PERSONAL NAME
Personal name Johng, Yessong.
856 40 - ELECTRONIC LOCATION AND ACCESS
Uniform Resource Identifier http://site.ebrary.com/lib/rucke/Doc?id=10112719

No items available.

© 2026 Rongo University
Contact us: librarian | system librarian | Rongo university